| 000 | 00351nam a2200145Ia 4500 | ||
|---|---|---|---|
| 008 | 150301s2014 xx 000 0 und d | ||
| 082 |
_a610.7362 _bN14P |
||
| 100 | _aPOLIT, DENISE F. | ||
| 245 | _aNURSING RESEARCH STATISTICS | ||
| 250 | _a9TH | ||
| 260 |
_bWOLTER KLUWER _c2014 |
||
| 300 | _a802 | ||
| 650 | _aNURSING RESEARCH | ||
| 942 |
_2ddc _cBK _017 |
||
| 999 |
_c6833 _d6833 |
||